Python for Finance

-д хадгалсан:
Номзүйн дэлгэрэнгүй
Үндсэн зохиолч: Yves Hilpisch
Формат: Ном
Хэвлэсэн: shroff
Нөхцлүүд:
Шошгууд: Шошго нэмэх
Шошго байхгүй, Энэхүү баримтыг шошголох эхний хүн болох!

MARC

LEADER 00000nam a2200000Ia 4500
005 20260427112721.0
526 |b FinTech 
100 |a Yves Hilpisch 
020 |a 9781492024330 
650 |a Programming 
526 |a Masters 
942 |c BK 
245 |a Python for Finance 
260 |b shroff 
999 |c 107  |d 107 
952 |0 0  |1 0  |4 0  |7 0  |8 3  |a BRISTOL  |b BRISTOL  |d 2026-04-22  |l 0  |p 000092  |r 2026-04-27 11:27:22  |w 2026-04-27  |y BK